000 01153nas a2200313 4500
001 BR2013002744
003 BR-BrBNA
005 20231205122145.0
007 ta
008 230509b bl.|||p| |||| 00| 00por d
040 _aBR-BrBNA
_bpor
_cBiblioteca Nacional de Agricultura
041 _a(Pt)
072 _aU40
100 1 _aPinheiro, E.A.R.
100 1 _aMeireles, M.
100 1 _aLopes, J.W.B.
100 1 _aCosta, C.A.G.
100 1 _aChaves, L.C.G.
100 1 _aAraújo, J.C. de
245 1 _aSazonalidade do albedo de superfície com uso do sensoriamento remoto em microbacia hidrográfica do semiárido brasileiro
246 1 _aSeasonality of surface albedo using remote sensing in small basins in the semiarid region, Brazil
650 _aSENSORIAMENTO REMOTO
650 _aBALANÇO DE ENERGIA
650 _aRADIAÇÃO
773 0 _tRevista Brasileira de Agricultura Irrigada (Brazil)
_xISSN 1982-7679
_g(2010), v. 4(4) p. 249-253
_wBR2013002744
856 4 0 _uhttp://www.inovagri.com.br/wp-content/uploads/2010/11/v.4-n.4-p.249-253_Pinheiro_et_al..pdf
909 _a202311
_bLúcia
_c55
_dLúcia Elande
942 _2AGRIS
_n0
_cANA
999 _c227202
_d227202